Бизнес и Евангелие. Вызов христианину-капиталисту: пер. с англ.

Bibliografiske detaljer
Hovedforfatter: Нейхауз Р. Д. Ричард Джон
Sprog:russisk
Udgivet: Москва, Вера и Мысль, 1994
Fag:
Format: MixedMaterials Bog
KOHA link:https://koha.lib.tpu.ru/cgi-bin/koha/opac-detail.pl?biblionumber=61958

MARC

LEADER 00000nam0a2200000 4500
001 61958
005 20231031062915.0
035 |a (RuTPU)RU\TPU\book\65639 
090 |a 61958 
100 |a 20040329d1994 km y0rusy50 ca 
101 1 |a rus 
102 |a RU 
105 |a y z 000zy 
200 1 |a Бизнес и Евангелие. Вызов христианину-капиталисту  |e пер. с англ.  |f Р. Д. Нейхауз 
210 |a Москва  |c Вера и Мысль  |d 1994 
215 |a 329 с. 
610 1 |a бизнес 
610 1 |a Евангелие 
610 1 |a христианство 
610 1 |a экономика 
610 1 |a капитализм 
686 |a У012.12  |v LBC/SL-A  |2 rubbk 
686 |a Э37  |v LBC/SL-A  |2 rubbk 
700 1 |a Нейхауз  |b Р. Д.  |g Ричард Джон 
801 1 |a RU  |b 63413507  |c 20040329  |g PSBO 
801 2 |a RU  |b 63413507  |c 20181012  |g PSBO 
942 |c BK